[Event "DVM U12 2023"]
[Site "Magdeburg GER"]
[Date "2023.12.27"]
[Round "1"]
[White "Vinogradov, Ilia"]
[Black "Li, Yunqi"]
[Result "0-1"]
[Termination "normal"]
[Board "1.1"]
[WhiteElo "1583"]
[BlackElo "1667"]
[WhiteClock "00:05:18"]
[BlackClock "00:24:27"]
[WhiteTeam "SV 1947 Walldorf"]
[BlackTeam "SF 59 Kornwestheim"]
[PlyCount "56"]
[WhiteFideId "34603166"]
[BlackFideId "34610618"]
[EventCountry "GER"]
[EventRounds "7"]
[EventType "team-swiss"]
[EventDate "2023.12.26"]

1. e4 {[%clk 01:30:57]} {[%emt 00:00:02]} e6 {[%clk 01:30:54]} {[%emt
00:00:06]} 2. d4 {[%clk 01:31:18]} {[%emt 00:00:09]} d5 {[%clk 01:31:20]}
{[%emt 00:00:05]} 3. e5 {[%clk 01:31:40]} {[%emt 00:00:08]} c5 {[%clk
01:31:43]} {[%emt 00:00:07]} 4. c3 {[%clk 01:32:00]} {[%emt 00:00:10]} Nc6
{[%clk 01:32:07]} {[%emt 00:00:06]} 5. Nf3 {[%clk 01:32:17]} {[%emt 00:00:12]}
Bd7 {[%clk 01:32:27]} {[%emt 00:00:11]} 6. a3 {[%clk 01:32:17]} {[%emt
00:00:30]} f6 {[%clk 01:32:51]} {[%emt 00:00:06]} 7. Bd3 {[%clk 01:32:11]}
{[%emt 00:00:36]} cxd4 {[%clk 01:28:05]} {[%emt 00:05:16]} 8. cxd4 {[%clk
01:26:09]} {[%emt 00:06:32]} Be7 {[%clk 01:20:58]} {[%emt 00:07:37]} 9. O-O
{[%clk 01:17:07]} {[%emt 00:09:32]} f5 {[%clk 01:20:52]} {[%emt 00:00:36]} 10.
Nc3 {[%clk 01:10:20]} {[%emt 00:07:17]} a6 {[%clk 01:17:33]} {[%emt 00:03:49]}
11. Re1 {[%clk 01:03:46]} {[%emt 00:07:04]} Kf8 {[%clk 01:12:48]} {[%emt
00:05:16]} 12. b4 {[%clk 00:54:13]} {[%emt 00:10:03]} Be8 {[%clk 01:00:43]}
{[%emt 00:12:35]} 13. Bd2 {[%clk 00:44:24]} {[%emt 00:10:19]} g5 {[%clk
01:00:19]} {[%emt 00:00:54]} 14. Rc1 {[%clk 00:41:20]} {[%emt 00:03:35]} g4
{[%clk 00:59:05]} {[%emt 00:01:44]} 15. h3 {[%clk 00:35:37]} {[%emt 00:06:12]}
gxf3 {[%clk 00:57:45]} {[%emt 00:01:51]} 16. Qxf3 {[%clk 00:30:58]} {[%emt
00:05:08]} Nxd4 {[%clk 00:57:56]} {[%emt 00:00:21]} 17. Qf4 {[%clk 00:27:47]}
{[%emt 00:03:39]} Nb3 {[%clk 00:57:02]} {[%emt 00:01:24]} 18. Rb1 {[%clk
00:25:24]} {[%emt 00:02:54]} Nxd2 {[%clk 00:56:01]} {[%emt 00:01:31]} 19. Qxd2
{[%clk 00:25:41]} {[%emt 00:00:12]} Bg5 {[%clk 00:55:18]} {[%emt 00:01:13]} 20.
Qe2 {[%clk 00:23:05]} {[%emt 00:03:06]} Rc8 {[%clk 00:55:31]} {[%emt 00:00:17]}
21. Nd1 {[%clk 00:21:05]} {[%emt 00:02:30]} Ne7 {[%clk 00:47:40]} {[%emt
00:08:22]} 22. Ne3 {[%clk 00:19:13]} {[%emt 00:02:23]} Ng6 {[%clk 00:46:22]}
{[%emt 00:01:47]} 23. Qb2 {[%clk 00:16:53]} {[%emt 00:02:49]} Bf4 {[%clk
00:42:21]} {[%emt 00:04:31]} 24. Nf1 {[%clk 00:10:15]} {[%emt 00:07:09]} h5
{[%clk 00:33:20]} {[%emt 00:09:31]} 25. g3 {[%clk 00:09:25]} {[%emt 00:01:20]}
Bh6 {[%clk 00:33:09]} {[%emt 00:00:41]} 26. b5 {[%clk 00:08:07]} {[%emt
00:01:48]} a5 {[%clk 00:31:16]} {[%emt 00:02:23]} 27. a4 {[%clk 00:07:30]}
{[%emt 00:01:06]} Qe7 {[%clk 00:27:45]} {[%emt 00:04:01]} 28. Ne3 {[%clk
00:05:18]} {[%emt 00:02:42]} f4 {[%clk 00:24:27]} {[%emt 00:03:48]} 0-1

[Event "DVM U12 2023"]
[Site "Magdeburg GER"]
[Date "2023.12.27"]
[Round "1"]
[White "Retzlaff, Nick"]
[Black "Yan, Haichen"]
[Result "1-0"]
[Termination "normal"]
[Board "1.2"]
[WhiteElo "1527"]
[BlackElo "1403"]
[WhiteClock "01:13:17"]
[BlackClock "01:03:55"]
[WhiteTeam "SF 59 Kornwestheim"]
[BlackTeam "SV 1947 Walldorf"]
[PlyCount "29"]
[WhiteFideId "34610367"]
[BlackFideId "34607951"]
[EventCountry "GER"]
[EventRounds "7"]
[EventType "team-swiss"]
[EventDate "2023.12.26"]

1. e4 {[%clk 01:30:57]} {[%emt 00:00:01]} c5 {[%clk 01:30:53]} {[%emt
00:00:07]} 2. Nf3 {[%clk 01:31:20]} {[%emt 00:00:08]} e6 {[%clk 01:31:16]}
{[%emt 00:00:07]} 3. d4 {[%clk 01:31:44]} {[%emt 00:00:07]} cxd4 {[%clk
01:31:40]} {[%emt 00:00:06]} 4. Nxd4 {[%clk 01:32:06]} {[%emt 00:00:07]} Nf6
{[%clk 01:32:02]} {[%emt 00:00:08]} 5. Nc3 {[%clk 01:32:16]} {[%emt 00:00:20]}
Bb4 {[%clk 01:32:12]} {[%emt 00:00:19]} 6. Bd2 {[%clk 01:23:04]} {[%emt
00:09:42]} Bxc3 {[%clk 01:29:56]} {[%emt 00:02:46]} 7. Bxc3 {[%clk 01:23:24]}
{[%emt 00:00:11]} Nxe4 {[%clk 01:26:49]} {[%emt 00:03:37]} 8. Qg4 {[%clk
01:19:37]} {[%emt 00:04:16]} Ng5 {[%clk 01:22:59]} {[%emt 00:04:20]} 9. h4
{[%clk 01:19:23]} {[%emt 00:00:44]} e5 {[%clk 01:13:39]} {[%emt 00:09:50]} 10.
Qxg5 {[%clk 01:13:08]} {[%emt 00:06:45]} Qxg5 {[%clk 01:13:21]} {[%emt
00:00:48]} 11. hxg5 {[%clk 01:13:31]} {[%emt 00:00:07]} exd4 {[%clk 01:13:41]}
{[%emt 00:00:10]} 12. Bxd4 {[%clk 01:13:50]} {[%emt 00:00:11]} O-O {[%clk
01:12:26]} {[%emt 00:01:44]} 13. Bd3 {[%clk 01:13:27]} {[%emt 00:00:53]} Re8+
{[%clk 01:11:32]} {[%emt 00:01:25]} 14. Kd2 {[%clk 01:13:29]} {[%emt 00:00:28]}
g6 {[%clk 01:03:55]} {[%emt 00:08:07]} 15. Rxh7 {[%clk 01:13:17]} {[%emt
00:00:42]} 1-0

[Event "DVM U12 2023"]
[Site "Magdeburg GER"]
[Date "2023.12.27"]
[Round "1"]
[White "Färber, Anna"]
[Black "Bodriyenko, Daniel"]
[Result "0-1"]
[Termination "normal"]
[Board "1.3"]
[WhiteElo "1345"]
[BlackElo "1458"]
[WhiteClock "00:19:34"]
[BlackClock "00:19:05"]
[WhiteTeam "SV 1947 Walldorf"]
[BlackTeam "SF 59 Kornwestheim"]
[PlyCount "74"]
[WhiteFideId "34633480"]
[BlackFideId "34606718"]
[EventCountry "GER"]
[EventRounds "7"]
[EventType "team-swiss"]
[EventDate "2023.12.26"]

1. e4 {[%clk 01:30:56]} {[%emt 00:00:02]} e5 {[%clk 01:30:54]} {[%emt
00:00:07]} 2. Nf3 {[%clk 01:31:21]} {[%emt 00:00:05]} Nc6 {[%clk 01:31:16]}
{[%emt 00:00:08]} 3. Bc4 {[%clk 01:31:47]} {[%emt 00:00:04]} Bc5 {[%clk
01:31:37]} {[%emt 00:00:09]} 4. c3 {[%clk 01:32:08]} {[%emt 00:00:09]} Nf6
{[%clk 01:31:56]} {[%emt 00:00:11]} 5. d3 {[%clk 01:32:31]} {[%emt 00:00:06]}
d6 {[%clk 01:32:11]} {[%emt 00:00:15]} 6. O-O {[%clk 01:32:44]} {[%emt
00:00:17]} Bg4 {[%clk 01:32:16]} {[%emt 00:00:24]} 7. Nbd2 {[%clk 01:32:57]}
{[%emt 00:00:18]} O-O {[%clk 01:29:39]} {[%emt 00:03:07]} 8. Re1 {[%clk
01:32:23]} {[%emt 00:01:04]} Qd7 {[%clk 01:23:16]} {[%emt 00:06:53]} 9. Bb3
{[%clk 01:23:56]} {[%emt 00:08:58]} Rfe8 {[%clk 01:18:03]} {[%emt 00:05:42]}
10. Nf1 {[%clk 01:17:19]} {[%emt 00:07:07]} h6 {[%clk 01:13:30]} {[%emt
00:05:04]} 11. h3 {[%clk 01:15:42]} {[%emt 00:02:06]} Be6 {[%clk 01:09:31]}
{[%emt 00:04:30]} 12. Bxe6 {[%clk 01:09:34]} {[%emt 00:06:38]} fxe6 {[%clk
01:07:13]} {[%emt 00:02:49]} 13. Ng3 {[%clk 01:04:23]} {[%emt 00:05:40]} d5
{[%clk 01:02:19]} {[%emt 00:05:25]} 14. Qe2 {[%clk 00:59:13]} {[%emt 00:05:40]}
Rad8 {[%clk 00:57:53]} {[%emt 00:04:56]} 15. Bd2 {[%clk 00:55:37]} {[%emt
00:04:06]} Qf7 {[%clk 00:55:38]} {[%emt 00:02:44]} 16. Rad1 {[%clk 00:53:59]}
{[%emt 00:02:09]} Qg6 {[%clk 00:50:38]} {[%emt 00:05:27]} 17. Nh4 {[%clk
00:51:50]} {[%emt 00:02:38]} Qxg3 {[%clk 00:50:09]} {[%emt 00:01:03]} 18. Nf3
{[%clk 00:48:37]} {[%emt 00:03:42]} Qg6 {[%clk 00:49:25]} {[%emt 00:01:13]} 19.
b4 {[%clk 00:47:20]} {[%emt 00:01:49]} Bd6 {[%clk 00:47:36]} {[%emt 00:02:18]}
20. b5 {[%clk 00:44:51]} {[%emt 00:03:00]} Nb8 {[%clk 00:46:32]} {[%emt
00:01:34]} 21. a4 {[%clk 00:43:14]} {[%emt 00:02:06]} Nbd7 {[%clk 00:42:52]}
{[%emt 00:04:09]} 22. Qe3 {[%clk 00:41:07]} {[%emt 00:02:36]} dxe4 {[%clk
00:38:49]} {[%emt 00:04:35]} 23. dxe4 {[%clk 00:41:22]} {[%emt 00:00:15]} Nc5
{[%clk 00:37:38]} {[%emt 00:01:40]} 24. c4 {[%clk 00:39:25]} {[%emt 00:02:28]}
Nfxe4 {[%clk 00:35:00]} {[%emt 00:03:07]} 25. a5 {[%clk 00:38:08]} {[%emt
00:01:48]} b6 {[%clk 00:32:34]} {[%emt 00:02:55]} 26. Bb4 {[%clk 00:34:37]}
{[%emt 00:04:01]} Ng5 {[%clk 00:29:49]} {[%emt 00:03:15]} 27. Nxg5 {[%clk
00:27:39]} {[%emt 00:07:28]} Qxg5 {[%clk 00:29:06]} {[%emt 00:01:13]} 28. Bxc5
{[%clk 00:26:34]} {[%emt 00:01:36]} Bxc5 {[%clk 00:23:48]} {[%emt 00:05:48]}
29. Qxg5 {[%clk 00:24:06]} {[%emt 00:02:58]} hxg5 {[%clk 00:23:51]} {[%emt
00:00:27]} 30. Rxd8 {[%clk 00:24:14]} {[%emt 00:00:22]} Rxd8 {[%clk 00:24:18]}
{[%emt 00:00:03]} 31. axb6 {[%clk 00:23:31]} {[%emt 00:01:12]} axb6 {[%clk
00:23:53]} {[%emt 00:00:55]} 32. Re2 {[%clk 00:22:47]} {[%emt 00:01:14]} Rd4
{[%clk 00:22:51]} {[%emt 00:01:32]} 33. Rc2 {[%clk 00:22:46]} {[%emt 00:00:31]}
Kf7 {[%clk 00:21:33]} {[%emt 00:01:49]} 34. Kh2 {[%clk 00:22:05]} {[%emt
00:01:09]} Kf6 {[%clk 00:20:40]} {[%emt 00:01:24]} 35. g4 {[%clk 00:21:32]}
{[%emt 00:01:03]} e4 {[%clk 00:19:36]} {[%emt 00:01:34]} 36. Kg2 {[%clk
00:20:57]} {[%emt 00:01:05]} Rd3 {[%clk 00:19:07]} {[%emt 00:01:00]} 37. Re2
{[%clk 00:19:34]} {[%emt 00:01:52]} Ke5 {[%clk 00:19:05]} {[%emt 00:00:33]} 0-1

[Event "DVM U12 2023"]
[Site "Magdeburg GER"]
[Date "2023.12.27"]
[Round "1"]
[White "Hasanovic, Arian"]
[Black "Sriram, Aumkar"]
[Result "0-1"]
[Termination "normal"]
[Board "1.4"]
[WhiteElo "1339"]
[BlackElo "1191"]
[WhiteClock "00:14:57"]
[BlackClock "01:43:10"]
[WhiteTeam "SF 59 Kornwestheim"]
[BlackTeam "SV 1947 Walldorf"]
[PlyCount "106"]
[WhiteFideId "34610391"]
[BlackFideId "33460477"]
[EventCountry "GER"]
[EventRounds "7"]
[EventType "team-swiss"]
[EventDate "2023.12.26"]

1. e4 {[%clk 01:30:58]} {[%emt 00:00:01]} e6 {[%clk 01:30:53]} {[%emt
00:00:07]} 2. d4 {[%clk 01:31:23]} {[%emt 00:00:06]} d5 {[%clk 01:31:16]}
{[%emt 00:00:06]} 3. Nc3 {[%clk 01:31:46]} {[%emt 00:00:08]} Nf6 {[%clk
01:31:37]} {[%emt 00:00:09]} 4. e5 {[%clk 01:32:02]} {[%emt 00:00:14]} Ng8
{[%clk 01:32:01]} {[%emt 00:00:06]} 5. Bd3 {[%clk 01:31:46]} {[%emt 00:00:47]}
c5 {[%clk 01:32:04]} {[%emt 00:00:25]} 6. Nf3 {[%clk 01:30:18]} {[%emt
00:01:59]} Nc6 {[%clk 01:32:16]} {[%emt 00:00:18]} 7. Be3 {[%clk 01:29:44]}
{[%emt 00:01:05]} cxd4 {[%clk 01:31:33]} {[%emt 00:01:12]} 8. Bxd4 {[%clk
01:28:46]} {[%emt 00:01:28]} Nxd4 {[%clk 01:31:11]} {[%emt 00:00:53]} 9. Nxd4
{[%clk 01:29:00]} {[%emt 00:00:15]} Bc5 {[%clk 01:30:23]} {[%emt 00:01:16]} 10.
Bb5+ {[%clk 01:26:21]} {[%emt 00:03:10]} Bd7 {[%clk 01:29:19]} {[%emt
00:01:33]} 11. Bxd7+ {[%clk 01:26:24]} {[%emt 00:00:29]} Qxd7 {[%clk 01:29:33]}
{[%emt 00:00:16]} 12. Nf3 {[%clk 01:26:21]} {[%emt 00:00:32]} Ne7 {[%clk
01:29:42]} {[%emt 00:00:18]} 13. Qd3 {[%clk 01:22:29]} {[%emt 00:04:23]} a6
{[%clk 01:29:10]} {[%emt 00:01:02]} 14. a3 {[%clk 01:20:18]} {[%emt 00:02:43]}
Qc7 {[%clk 01:28:32]} {[%emt 00:01:05]} 15. b4 {[%clk 01:18:01]} {[%emt
00:02:49]} Ba7 {[%clk 01:25:39]} {[%emt 00:01:16]} 16. Rc1 {[%clk 01:07:18]}
{[%emt 00:13:19]} Rc8 {[%clk 01:23:35]} {[%emt 00:02:33]} 17. Ne2 {[%clk
01:05:46]} {[%emt 00:02:01]} Qc4 {[%clk 01:22:14]} {[%emt 00:01:54]} 18. O-O
{[%clk 01:02:36]} {[%emt 00:03:40]} O-O {[%clk 01:21:59]} {[%emt 00:00:45]} 19.
Rfd1 {[%clk 00:56:36]} {[%emt 00:06:31]} Rc7 {[%clk 01:21:06]} {[%emt
00:01:20]} 20. Ng5 {[%clk 00:49:20]} {[%emt 00:07:47]} Qxd3 {[%clk 01:18:57]}
{[%emt 00:02:40]} 21. cxd3 {[%clk 00:43:01]} {[%emt 00:06:50]} Rfc8 {[%clk
01:19:12]} {[%emt 00:00:15]} 22. Rxc7 {[%clk 00:38:55]} {[%emt 00:04:36]} Rxc7
{[%clk 01:19:23]} {[%emt 00:00:18]} 23. Rc1 {[%clk 00:35:46]} {[%emt 00:03:39]}
Rxc1+ {[%clk 01:19:15]} {[%emt 00:00:38]} 24. Nxc1 {[%clk 00:35:54]} {[%emt
00:00:22]} h6 {[%clk 01:19:40]} {[%emt 00:00:06]} 25. Nf3 {[%clk 00:35:49]}
{[%emt 00:00:34]} Kf8 {[%clk 01:19:57]} {[%emt 00:00:14]} 26. d4 {[%clk
00:35:22]} {[%emt 00:00:56]} Ke8 {[%clk 01:19:53]} {[%emt 00:00:33]} 27. Kf1
{[%clk 00:30:07]} {[%emt 00:05:45]} Kd7 {[%clk 01:20:19]} {[%emt 00:00:05]} 28.
Ke2 {[%clk 00:30:12]} {[%emt 00:00:26]} Kc6 {[%clk 01:20:42]} {[%emt 00:00:06]}
29. a4 {[%clk 00:30:09]} {[%emt 00:00:33]} Kb6 {[%clk 01:20:28]} {[%emt
00:00:37]} 30. Kd3 {[%clk 00:28:20]} {[%emt 00:02:24]} Nc6 {[%clk 01:20:05]}
{[%emt 00:00:52]} 31. Kc3 {[%clk 00:25:48]} {[%emt 00:03:04]} Kc7 {[%clk
01:20:00]} {[%emt 00:00:34]} 32. Nb3 {[%clk 00:20:37]} {[%emt 00:05:44]} Kd7
{[%clk 01:19:17]} {[%emt 00:01:06]} 33. Nfd2 {[%clk 00:16:48]} {[%emt
00:04:26]} Ke7 {[%clk 01:18:21]} {[%emt 00:01:26]} 34. f4 {[%clk 00:12:34]}
{[%emt 00:04:41]} Kf8 {[%clk 01:18:26]} {[%emt 00:00:27]} 35. h4 {[%clk
00:10:09]} {[%emt 00:02:56]} h5 {[%clk 01:17:55]} {[%emt 00:01:01]} 36. Nf3
{[%clk 00:07:59]} {[%emt 00:02:40]} Kg8 {[%clk 01:17:47]} {[%emt 00:00:38]} 37.
Ng5 {[%clk 00:07:51]} {[%emt 00:00:36]} Nd8 {[%clk 01:17:03]} {[%emt 00:01:11]}
38. Kd3 {[%clk 00:05:09]} {[%emt 00:03:16]} f6 {[%clk 01:17:15]} {[%emt
00:00:18]} 39. Nh3 {[%clk 00:05:08]} {[%emt 00:00:32]} Kf7 {[%clk 01:17:19]}
{[%emt 00:00:25]} 40. Ke3 {[%clk 00:04:24]} {[%emt 00:01:15]} Kg6 {[%clk
01:17:34]} {[%emt 00:00:15]} 41. Kf3 {[%clk 00:03:41]} {[%emt 00:01:12]} Nc6
{[%clk 01:17:35]} {[%emt 00:00:28]} 42. Ke3 {[%clk 00:26:27]} {[%emt 00:07:47]}
Nxb4 {[%clk 01:47:38]} {[%emt 00:00:26]} 43. Na5 {[%clk 00:21:39]} {[%emt
00:05:19]} b6 {[%clk 01:46:54]} {[%emt 00:01:09]} 44. Nb7 {[%clk 00:21:48]}
{[%emt 00:00:26]} Kf7 {[%clk 01:46:57]} {[%emt 00:00:26]} 45. Nd6+ {[%clk
00:22:01]} {[%emt 00:00:17]} Kf8 {[%clk 01:45:39]} {[%emt 00:01:42]} 46. f5
{[%clk 00:16:59]} {[%emt 00:05:40]} exf5 {[%clk 01:44:30]} {[%emt 00:01:39]}
47. e6 {[%clk 00:16:53]} {[%emt 00:00:35]} Bb8 {[%clk 01:43:21]} {[%emt
00:01:35]} 48. Nxf5 {[%clk 00:16:29]} {[%emt 00:01:00]} g6 {[%clk 01:42:48]}
{[%emt 00:01:01]} 49. Nh6 {[%clk 00:14:36]} {[%emt 00:02:24]} Ke7 {[%clk
01:42:28]} {[%emt 00:00:46]} 50. Nf4 {[%clk 00:14:31]} {[%emt 00:00:39]} Bxf4+
{[%clk 01:42:38]} {[%emt 00:00:21]} 51. Kxf4 {[%clk 00:14:49]} {[%emt
00:00:11]} Kxe6 {[%clk 01:42:56]} {[%emt 00:00:11]} 52. g4 {[%clk 00:14:42]}
{[%emt 00:00:37]} hxg4 {[%clk 01:43:05]} {[%emt 00:00:21]} 53. Nxg4 {[%clk
00:14:57]} {[%emt 00:00:16]} Nc2 {[%clk 01:43:10]} {[%emt 00:00:24]} *

[Event "DVM U12 2023"]
[Site "Magdeburg GER"]
[Date "2023.12.27"]
[Round "1"]
[White "Kovalskyy, Alicia"]
[Black "Mehner, Clara"]
[Result "1-0"]
[Termination "normal"]
[Board "2.1"]
[WhiteElo "1577"]
[BlackElo "1387"]
[WhiteTeam "Düsseldorfer SV 1854"]
[BlackTeam "USG Chemnitz"]
[WhiteFideId "34612130"]
[BlackFideId "34612165"]
[EventCountry "GER"]
[EventRounds "7"]
[EventType "team-swiss"]
[EventDate "2023.12.26"]

1. e4 e6 2. d4 d5 3. Nc3 Nf6 4. Bg5 Be7 5. e5 Nfd7 6. Bxe7 Qxe7 7. f4 a6 8. Nf3
c5 9. dxc5 Nc6 10. Be2 Qxc5 11. Qd2 b5 1-0

[Event "DVM U12 2023"]
[Site "Magdeburg GER"]
[Date "2023.12.27"]
[Round "1"]
[White "Li, Joshua"]
[Black "Schmitz, Constantin"]
[Result "0-1"]
[Termination "normal"]
[Board "2.2"]
[WhiteElo "1368"]
[BlackElo "1544"]
[WhiteTeam "USG Chemnitz"]
[BlackTeam "Düsseldorfer SV 1854"]
[WhiteFideId "34623639"]
[BlackFideId "16274660"]
[EventCountry "GER"]
[EventRounds "7"]
[EventType "team-swiss"]
[EventDate "2023.12.26"]

1. e4 c5 2. c3 d5 3. exd5 Qxd5 4. d4 Nc6 5. Nf3 Bf5 6. Be3 Bxb1 7. Qxb1 cxd4 8.
Nxd4 Nf6 9. Nb5 O-O-O 10. Qc2 Kb8 11. c4 Qe4 12. Qxe4 Nxe4 13. f3 Nf6 14. a3 e5
15. Rd1 Be7 16. Bd3 a6 17. Nc3 Nd4 18. O-O Bc5 19. b4 Ne2+ 20. Nxe2 Bxe3+ 21.
Kh1 g5 22. Ng3 h5 23. c5 h4 24. Nf5 Bf4 25. c6 g4 26. Be2 g3 27. h3 bxc6 28.
Nd6 Rd7 29. Ne4 Nd5 30. Nc5 Rd6 31. Nxa6+ Ka7 32. Bc4 Rhd8 33. Bxd5 Rxd5 34.
Rxd5 Rxd5 35. Nc5 f5 36. Re1 Rd2 37. Kg1 Ra2 38. a4 Bd2 39. Rd1 Be3+ 40. Kf1
Rf2+ 41. Ke1 Bxc5 42. bxc5 Rxg2 43. Rd7+ Kb8 44. Rh7 Ra2 45. Rh8+ Kc7 46. Rh7+
Kd8 47. Kf1 Rxa4 48. Rh5 Rf4 49. Kg2 e4 50. Rh8+ Ke7 51. Rh7+ Ke6 52. Rh6+ Kd5
53. fxe4+ fxe4 54. Rh5+ Kd4 55. Rh8 Kxc5 56. Kg1 Kc4 57. Rd8 c5 58. Rd1 Rf3 59.
Kg2 Rf2+ 60. Kg1 e3 61. Rc1+ Kd4 62. Rd1+ Rd2 63. Rxd2+ exd2 64. Kg2 c4 65. Kf3
d1=Q+ 66. Kf4 Qf1+ 67. Kg4 g2 68. Kxh4 g1=Q 0-1

[Event "DVM U12 2023"]
[Site "Magdeburg GER"]
[Date "2023.12.27"]
[Round "1"]
[White "Dell, Philip"]
[Black "Uhlig, Silas"]
[Result "1/2-1/2"]
[Termination "normal"]
[Board "2.3"]
[WhiteElo "1319"]
[BlackElo "1443"]
[WhiteTeam "Düsseldorfer SV 1854"]
[BlackTeam "USG Chemnitz"]
[WhiteFideId "34619585"]
[BlackFideId "34651837"]
[EventCountry "GER"]
[EventRounds "7"]
[EventType "team-swiss"]
[EventDate "2023.12.26"]

1. e4 c5 2. Nf3 Nc6 3. d4 cxd4 4. Nxd4 Nf6 5. Nc3 e6 6. a3 d5 7. exd5 exd5 8.
Bb5 Bd7 9. O-O Nxd4 10. Bxd7+ Qxd7 11. Qxd4 Be7 12. Bg5 O-O 13. Rfe1 Rfd8 14.
Rad1 Qc7 15. Qe3 Bc5 16. Qe5 Bxf2+ 17. Kh1 Qxe5 18. Rxe5 Re8 19. Bxf6 gxf6 20.
Rf5 Bd4 21. Nxd5 Bxb2 22. c3 Rad8 23. Nxf6+ Kg7 24. Nxe8+ Rxe8 25. Rb5 Bxc3 26.
Rxb7 Bd4 27. g3 Bb6 28. Rdd7 Re1+ 29. Kg2 Rg1+ 30. Kh3 Rf1 31. Kg4 Rf6 32. h4
Kg6 33. h5+ Kg7 34. a4 Rf2 35. h6+ Kg6 36. Rd6+ f6 37. Rg7+ Kxh6 38. Rdd7 f5+
39. Kh3 Bd4 40. Rxh7+ Kg6 41. Rh4 Be5 42. Rxa7 Rf3 43. Kg2 Rxg3+ 44. Kf1 f4 45.
Ra8 Kg5 46. Rh2 Ra3 47. Rg8+ Kf5 48. Rh5+ Ke4 49. Re8 Kf3 50. Rhxe5 Rxa4 51.
Rh8 Ra2 52. Rh3+ Kg4 53. Rd3 Rc2 54. Re2 Rc1+ 55. Kg2 Rc8 56. Rd7 0,5-0,5

[Event "DVM U12 2023"]
[Site "Magdeburg GER"]
[Date "2023.12.27"]
[Round "1"]
[White "Müller, Stefan"]
[Black "Akcapinar, Timur"]
[Result "0-1"]
[Termination "normal"]
[Board "2.4"]
[WhiteElo "1313"]
[BlackElo "1478"]
[WhiteTeam "USG Chemnitz"]
[BlackTeam "Düsseldorfer SV 1854"]
[WhiteFideId "34667270"]
[BlackFideId "16287509"]
[EventCountry "GER"]
[EventRounds "7"]
[EventType "team-swiss"]
[EventDate "2023.12.26"]

1. e4 c5 2. Nf3 a6 3. d4 cxd4 4. Nxd4 Nf6 5. Nc3 e5 6. Nf3 Bb4 7. Bg5 d5 8.
Bxf6 Qxf6 9. Qxd5 Nc6 10. a3 Bxc3+ 11. bxc3 O-O 12. Be2 Be6 13. Qd1 Qg6 14. Bf1
Qxe4+ 15. Qe2 Qf4 16. Rb1 Rab8 17. g3 Qf6 18. Qe3 Bf5 19. Bd3 e4 20. O-O exd3
21. cxd3 Rfe8 22. Qd2 Bh3 23. Qd1 Bxf1 24. Kxf1 Qxc3 25. Ng5 h6 26. Ne4 Qd4 27.
Qf3 Ne5 28. Qd1 Qxd3+ 29. Qxd3 Nxd3 30. Nd6 Red8 31. Nf5 Kf8 32. Rb6 Rd7 33.
Nd6 Rbd8 34. Nxb7 Rc8 35. Nd6 Rc1+ 36. Ke2 Re1+ 37. Kf3 Ne5+ 38. Kg2 a5 39. Ra6
g6 40. Ra8+ Ke7 41. Nc8+ Kf6 42. Ra6+ Kg7 43. Nd6 Nd3 44. Nc4 Rd5 45. Ne3 Rc5
46. Rd6 Ne5 47. Rd4 Re2 48. h3 Rc3 49. Re4 Rcxe3 50. Rxe3 Rxe3 51. fxe3 Nc4 52.
a4 Nb2 53. Kf2 Nxa4 54. Ke2 Nc5 55. Kd2 Ne4+ 56. Kc2 Nxg3 57. Kb3 Nf5 58. e4
Nd6 59. e5 Nb7 0-1

[Event "DVM U12 2023"]
[Site "Magdeburg GER"]
[Date "2023.12.27"]
[Round "1"]
[White "Müller, Anker"]
[Black "Zhao, Yunsheng"]
[Result "1-0"]
[Termination "normal"]
[Board "3.2"]
[WhiteElo "1548"]
[BlackElo "1433"]
[WhiteTeam "SV Empor Berlin"]
[BlackTeam "SK Bad Homburg 1927"]
[WhiteFideId "1472070"]
[BlackFideId "16299280"]
[EventCountry "GER"]
[EventRounds "7"]
[EventType "team-swiss"]
[EventDate "2023.12.26"]

1. e4 e5 2. Nf3 Nc6 3. d4 exd4 4. Nxd4 Nf6 5. Nxc6 bxc6 6. e5 Nd5 7. c4 Bb4+ 8.
Bd2 Bxd2+ 9. Nxd2 Ne7 10. Bd3 d6 11. Nf3 O-O 12. O-O Bg4 13. Bxh7+ Kxh7 14.
Ng5+ Kg8 15. Qxg4 dxe5 16. Qh5 Qd3 17. Rad1 Qg6 18. Qxg6 Nxg6 19. Rd7 Rac8 20.
g3 a6 21. h4 f6 22. Ne6 Rf7 23. Rfd1 Nf8 24. Rxf7 Kxf7 25. Nd8+ Ke8 26. Nxc6
Nd7 27. b4 Ra8 28. Kg2 g6 29. Rd3 f5 30. Ra3 e4 31. b5 Nc5 32. bxa6 Rxa6 33.
Rxa6 Nxa6 34. Ne5 g5 35. hxg5 Nc5 36. Kf1 Kf8 37. Ke2 Kg7 38. Ke3 Ne6 39. a4 c5
40. a5 Nxg5 41. a6 Ne6 42. a7 Nc7 43. Nd7 Kf7 44. Nb6 Ke6 45. a8=Q Nxa8 46.
Nxa8 1-0